书目信息 |
| 题名: |
中国少数民族常识
|
|
| 作者: | 马寅 主编 | |
| 分册: | ||
| 出版信息: | 北京 中国青年出版社 1984 |
|
| 页数: | 569页 | |
| 开本: | 19cm | |
| 丛书名: | ||
| 单 册: | ||
| 中图分类: | K28 , K201 | |
| 科图分类: | ||
| 主题词: | 少数民族--基本知识--中国 , 中国--通史 | |
| 电子资源: | ||
| ISBN: | ||
| 000 | 00608nam0 2200229 45 | |
| 001 | 1531117454 | |
| 005 | 20150127211006.70 | |
| 010 | @dCNY2.70 | |
| 100 | @a19950613d1984 em y0chiy0121 ea | |
| 101 | 0 | @achi |
| 102 | @aCN@b110000 | |
| 105 | @af z 000yy | |
| 200 | 10 | @a中国少数民族常识@Azhong guo shao shu min zu chang shi@f马寅主编 |
| 210 | @a北京@c中国青年出版社@d1984 | |
| 215 | @a569页@c彩照@d19cm | |
| 606 | @a少数民族@x基本知识@y中国 | |
| 606 | 0 | @a中国@x通史 |
| 690 | @aK28@v3 | |
| 690 | @aK201@v4 | |
| 701 | 0 | @a马寅@Ama yin@4主编 |
| 801 | 0 | @aCN@bTSSF@c20150127 |
| 905 | @aZUCC@dK201@eJY26 | |
| 中国少数民族常识/马寅主编.-北京:中国青年出版社,1984 |
| 569页:彩照;19cm |
| ISBN :CNY2.70 |
| ● |
| 相关链接 |
|
|
|
|
正题名:中国少数民族常识
索取号:K201/JY26
 
预约/预借
| 序号 | 登录号 | 条形码 | 馆藏地/架位号 | 状态 | 备注 |
| 1 | 7848448 | 278484481 | 学院路分馆/ [索取号:K201/JY26] | 在馆 | |
| 2 | 7848449 | 278484490 | 学院路分馆/ [索取号:K201/JY26] | 在馆 |